5HLuxD.jpg

KING HENRY VIII SENIOR AND PRIMARY SCHOOL LIBRARY OPAC

CLIL activities : (Record no. 436)

000 -LEADER
fixed length control field 02415cam a2200361 a 4500
001 - CONTROL NUMBER
control field 17041197
003 - CONTROL NUMBER IDENTIFIER
control field OSt
005 - DATE AND TIME OF LATEST TRANSACTION
control field 20190814144750.0
008 - FIXED-LENGTH DATA ELEMENTS--GENERAL INFORMATION
fixed length control field 111109s2012 nyua b 001 0 eng
010 ## - LIBRARY OF CONGRESS CONTROL NUMBER
LC control number 2011046098
020 ## - INTERNATIONAL STANDARD BOOK NUMBER
International Standard Book Number 9780521149846
040 ## - CATALOGING SOURCE
Original cataloging agency DLC
Transcribing agency DLC
Modifying agency DLC
042 ## - AUTHENTICATION CODE
Authentication code pcc
082 00 - DEWEY DECIMAL CLASSIFICATION NUMBER
Classification number 418.007 DAL
Edition number 23
100 1# - MAIN ENTRY--PERSONAL NAME
Personal name Dale, Liz.
Relator term author
245 10 - TITLE STATEMENT
Title CLIL activities :
Remainder of title a resource for subject and language teachers /
Statement of responsibility, etc. Liz Dale, Rosie Tanner ; consultant and editor, Scott Thornbury.
260 ## - PUBLICATION, DISTRIBUTION, ETC.
Place of publication, distribution, etc. New York ;
-- Cambridge :
Name of publisher, distributor, etc. Cambridge University Press,
Date of publication, distribution, etc. 2012.
300 ## - PHYSICAL DESCRIPTION
Extent 284 p. :
Other physical details ill. ;
Dimensions 25 cm. +
Accompanying material 1 CD-ROM (4 3/4 in.).
490 0# - SERIES STATEMENT
Series statement Cambridge handbooks for language teachers
504 ## - BIBLIOGRAPHY, ETC. NOTE
Bibliography, etc. note Includes bibliographical references (p. 271-273) and index.
520 ## - SUMMARY, ETC.
Summary, etc. "Innovative activities for Content and Language Integrated Learning (CLIL) teachers and trainee teachers. CLIL Activities is organised into five chapters: Activating, Guiding understanding, Focus on language, Focus on speaking and Focus on writing. A further chapter provides practical ideas for assessment, review and feedback. The Background to CLIL section offers a clear explanation of what CLIL is and its benefits and challenges. The book contains a wide range of easily accessible activities that can be used in any order. Dedicated subject pages include annotated extracts from authentic school teaching materials, demonstrating how language is used in particular school subjects, such as geography, science, maths and ICT. The accompanying CD-ROM contains print-ready CLIL activities"--
Assigning source Provided by publisher.
650 #0 - SUBJECT ADDED ENTRY--TOPICAL TERM
Topical term or geographic name entry element Language and languages
General subdivision Study and teaching.
650 #0 - SUBJECT ADDED ENTRY--TOPICAL TERM
Topical term or geographic name entry element Language arts
General subdivision Correlation with content subjects.
650 #7 - SUBJECT ADDED ENTRY--TOPICAL TERM
Topical term or geographic name entry element FOREIGN LANGUAGE STUDY / English as a Second Language
Source of heading or term bisacsh.
700 1# - ADDED ENTRY--PERSONAL NAME
Personal name Tanner, Rosie.
Relator term author
700 1# - ADDED ENTRY--PERSONAL NAME
Personal name Thornbury, Scott
Relator term Consultant & Editor
856 42 - ELECTRONIC LOCATION AND ACCESS
Materials specified Cover image
Uniform Resource Identifier <a href="http://assets.cambridge.org/97805211/49846/cover/9780521149846.jpg">http://assets.cambridge.org/97805211/49846/cover/9780521149846.jpg</a>
856 42 - ELECTRONIC LOCATION AND ACCESS
Materials specified Publisher description
Uniform Resource Identifier <a href="http://www.loc.gov/catdir/enhancements/fy1205/2011046098-d.html">http://www.loc.gov/catdir/enhancements/fy1205/2011046098-d.html</a>
856 41 - ELECTRONIC LOCATION AND ACCESS
Materials specified Table of contents only
Uniform Resource Identifier <a href="http://www.loc.gov/catdir/enhancements/fy1208/2011046098-t.html">http://www.loc.gov/catdir/enhancements/fy1208/2011046098-t.html</a>
906 ## - LOCAL DATA ELEMENT F, LDF (RLIN)
a 7
b cbc
c orignew
d 1
e ecip
f 20
g y-gencatlg
942 ## - ADDED ENTRY ELEMENTS (KOHA)
Source of classification or shelving scheme
Koha item type Reference
Holdings
Withdrawn status Lost status Source of classification or shelving scheme Damaged status Not for loan Collection code Permanent Location Current Location Shelving location Date acquired Full call number Barcode Date last seen Price effective from Koha item type Public note
          Reference KH8 Senior School Library KH8 Senior School Library Reference 2019-08-14 418.007 DAL 3KHSL000100061 2025-08-12 2019-08-14 Reference  
          Reference KH8 Senior School Library KH8 Senior School Library Audio Visual 2019-08-14 A 418.007 DAL 3KHSL000101931 2019-08-14 2019-08-14 Multimedia Resources CDROM

Powered By KH8 IT Dept